| 000 | 01724cam a2200445 a 4500 | ||
|---|---|---|---|
| 001 | 16108144 | ||
| 003 | OSt | ||
| 005 | 20170105102900.0 | ||
| 008 | 100225s2011 enk b 001 0 eng | ||
| 010 | _a 2010006937 | ||
| 015 |
_aGBA990881 _2bnb |
||
| 016 | 7 |
_a015371166 _2Uk |
|
| 020 | _a9780415779616 (hardcover) | ||
| 020 | _a0415779618 (hardcover) | ||
| 020 | _a9780415779623 (pbk.) | ||
| 020 | _a0415779626 (pbk.) | ||
| 020 | _a9780203845370 (ebk.) | ||
| 020 | _a0203845374 (ebk.) | ||
| 035 | _a(OCoLC)ocn432998214 | ||
| 040 |
_aDLC _cDLC _dYDX _dBTCTA _dYDXCP _dBWK _dCDX _dBWX _dLDL _dLML _dUKM _dSTF _dDLC |
||
| 050 | 0 | 0 |
_aP96.T47 _bS45 2011 |
| 082 | 0 | 0 |
_a363.325 _222 _bSEI 2011 |
| 100 | 1 |
_aSeib, Philip M., _d1949- |
|
| 245 | 1 | 0 |
_aGlobal terrorism and new media : _bthe post-Al Qaeda generation / _cPhilip Seib and Dana M. Janbek. |
| 260 |
_aLondon ; _aNew York : _bRoutledge, _c2011. |
||
| 300 |
_axii, 139 p. ; _c24 cm. |
||
| 490 | 1 | _aMedia, war and security | |
| 504 | _aIncludes bibliographical references (p. [133]-136) and index. | ||
| 505 | 0 | _aCommunicating terror -- High tech terror : Al Qaeda and beyond -- Terrorists' online strategies -- Targeting the young -- Women and terrorism -- Terrorism's online future -- Responding to terrorism. | |
| 650 | 0 | _aTerrorism and mass media. | |
| 650 | 0 |
_aTerrorism _xComputer network resources. |
|
| 650 | 0 |
_aTerrorists _xRecruiting. |
|
| 650 | 0 |
_aInternet _xPolitical aspects. |
|
| 650 | 0 | _aInformation warfare. | |
| 700 | 1 | _aJanbek, Dana M. | |
| 830 | 0 | _aMedia, war and security. | |
| 906 |
_a7 _bcbc _corignew _d1 _eecip _f20 _gy-gencatlg |
||
| 942 |
_2ddc _cBK |
||
| 999 |
_c14628 _d14628 |
||